Online katalóg knižníc regiónu Turca

Milenka (Record no. 22196)

MARC details
000 -LEADER
fixed length control field 01586cam a2200457 4500
001 - CONTROL NUMBER
control field 22196
003 - CONTROL NUMBER IDENTIFIER
control field VRT
005 - DATE AND TIME OF LATEST TRANSACTION
control field 20260321130935.0
008 - FIXED-LENGTH DATA ELEMENTS--GENERAL INFORMATION
fixed length control field 210624s2018 xo g 010 f slo
015 ## - NATIONAL BIBLIOGRAPHY NUMBER
National bibliography number SNBA2019/11
020 ## - INTERNATIONAL STANDARD BOOK NUMBER
International Standard Book Number 9788055161723
Qualifying information (viazané)
035 ## - SYSTEM CONTROL NUMBER
System control number urn:nbn:sk:snk-am00ed6o
035 ## - SYSTEM CONTROL NUMBER
System control number urn:nbn:sk:snk-am3igig
035 ## - SYSTEM CONTROL NUMBER
System control number E8E3543C-FF31-408F-A968-DD3EA436D76F
038 ## - RECORD CONTENT LICENSOR
Record content licensor PPPK
039 #9 - LEVEL OF BIBLIOGRAPHIC CONTROL AND CODING DETAIL [OBSOLETE]
Level of rules in bibliographic description 202112131247
Level of effort used to assign nonsubject heading access points AUTHORITY
Level of effort used to assign subject headings 202112131243
Level of effort used to assign classification AUTHORITY
Level of effort used to assign subject headings 202112131242
Level of effort used to assign classification AUTHORITY
Level of effort used to assign subject headings 202106241039
Level of effort used to assign classification VLOAD
040 ## - CATALOGING SOURCE
Original cataloging agency PPPK
Language of cataloging slo
Transcribing agency PPPK
Modifying agency SNK
Description conventions rda
041 1# - LANGUAGE CODE
Language code of text/sound track or separate title slo
Language code of original eng
044 ## - COUNTRY OF PUBLISHING/PRODUCING ENTITY CODE
MARC country code xo
ISO country code SK
072 #7 - SUBJECT CATEGORY CODE
Subject category code 821.111(73)-3
Subject category code subdivision Americká próza
Source konspekt
080 ## - UNIVERSAL DECIMAL CLASSIFICATION NUMBER
Universal Decimal Classification number 821.111(73)-31
Edition identifier 2011
100 1# - MAIN ENTRY--PERSONAL NAME
Personal name Steel, Danielle,
Dates associated with a name 1947-
Relationship aut
240 14 - UNIFORM TITLE
Uniform title The Mistress
Language of a work Slovensky
245 10 - TITLE STATEMENT
Title Milenka
Statement of responsibility, etc. Danielle Steel ; preložila Adriana Sýkorčinová
264 #1 - PRODUCTION, PUBLICATION, DISTRIBUTION, MANUFACTURE, AND COPYRIGHT NOTICE
Place of production, publication, distribution, manufacture Bratislava
Name of producer, publisher, distributor, manufacturer Ikar
Date of production, publication, distribution, manufacture, or copyright notice 2018
300 ## - PHYSICAL DESCRIPTION
Extent 283 strán
Dimensions 21 cm
336 ## - CONTENT TYPE
Content type term text
Content type code txt
Source rdacontent
337 ## - MEDIA TYPE
Media type term bez média
Media type code n
Source rdamedia
338 ## - CARRIER TYPE
Carrier type term zväzok
Carrier type code nc
Source rdacarrier
500 ## - GENERAL NOTE
General note Preložené z angličtiny
655 #7 - INDEX TERM--GENRE/FORM
Genre/form data or focus term americké romány
Source of term SNKPH
655 #7 - INDEX TERM--GENRE/FORM
Genre/form data or focus term American fiction
Source of term SNKPHeng
700 1# - ADDED ENTRY--PERSONAL NAME
Personal name Sýkorčinová, Adriana
Relationship trl
910 ## - USER-OPTION DATA (OCLC)
User-option data snk
942 ## - ADDED ENTRY ELEMENTS (KOHA)
Source of classification or shelving scheme Dewey Decimal Classification
Koha item type Krásna literatúra pre dospelých
Suppress in OPAC No
949 ## - LOCAL PROCESSING INFORMATION (OCLC)
6 17A1336291
a snkSC 180948
b snk2018/19605
o 1985/18
s 6100:20191114
949 ## - LOCAL PROCESSING INFORMATION (OCLC)
6 270001000591698
a svkbbA 155220
b svkbbm 778634
949 ## - LOCAL PROCESSING INFORMATION (OCLC)
6 17A1338697
a snkSC 180948 D1
b snk2018/22544
o 1985/18
949 ## - LOCAL PROCESSING INFORMATION (OCLC)
6 2889343146
a savukPV 26764
b savuk2018/3605
949 ## - LOCAL PROCESSING INFORMATION (OCLC)
6 273K0631644
a svkpoA 239027
b svkpo627063
Holdings
Stav vyradenia Strata Poškodenie Spôsob nadobudnutia Domovská knižnica Aktuálna knižnica Dátum nadobudnutia Cena Total checkouts Čiarový kód exemplára Date last seen Typ exemplára
      Kúpa Obecná knižnica Horná Štubňa Obecná knižnica Horná Štubňa 21.03.2026 11.90   9788055161723 21.03.2026 Krásna literatúra pre dospelých
Projekt je podporený Slovenskou asociáciou knižníc
Prevádzkuje Turčianska knižnica Martin 2026